Sabarimalai and Its Sastha (Record no. 3305)

MARC details
000 -LEADER
fixed length control field 00649nam a2200241 a 4500
020 ## - INTERNATIONAL STANDARD BOOK NUMBER
ISBN
082 00 - DEWEY DECIMAL CLASSIFICATION NUMBER
Classification number 294.55
Author Cutter THO1
100 ## - MAIN ENTRY--AUTHOR NAME
Author name Thomas, P T
245 ## - TITLE STATEMENT
Title Sabarimalai and Its Sastha
Sub title Essay on the Ayyappa Movement
260 ## - PUBLICATION, DISTRIBUTION, ETC. (IMPRINT)
Place of publication Bangalore
Name of publisher Christian Instt.For Study of Religion
Year of publication 1973
300 ## - PHYSICAL DESCRIPTION
Number of Pages 62p
500 ## - GENERAL NOTE
General note includes index and biblioraphy
505 2# - FORMATTED CONTENTS NOTE
Formatted contents note Appendix, Bibliography
650 ## - SUBJECT ADDED ENTRY--TOPICAL TERM
Topical Term Hinduism-Temples-Sabarimalai
942 ## - ADDED ENTRY ELEMENTS (KOHA)
Koha item type Books
700 1# -
-- Thomas, P T
Holdings
Collection code Home library Current library Date acquired Cost, normal purchase price Full call number Accession Number Koha item type
  Henry Martyn Institute Library Henry Martyn Institute Library 07/24/2007 2.50 294.55 THO1 07142 Books
                   Copyright © 2026 | Henry Martyn Institute | Hyderabad | TS-500052 | INDIA | Implemented by hmi.edu.in
Hit-Count:

Powered by Koha